000 00528nam a22002177a 4500
003 UA-OsUOA
001 60419
007 ta
008 20090518b un ||||| |||| 00| 0 ukr d
100 _aПавловська І.
090 _a908
_bП12
942 _cSA
040 _aUA-OsUOA
_bukr
_cUA-OsUOA
_dUA-OsUOA
245 _aЗ Острозької академії - в Лас-Вегас
300 _aС.6
955 _a0
041 _aukr
080 _a908
773 0 _w60418
650 7 _a908 Краєзнавство
_2UDC
999 _c346856
_d346856